ZOOFOR ETERNITY Animal Mummies from the Cairo Museum
محفوظ في:
المؤلف الرئيسي:
التنسيق: كتاب
اللغة: Undetermined
منشور في:
Cairo
Supreme Council of Antiquities Press
الوسوم: إضافة وسم
لا توجد وسوم, كن أول من يضع وسما على هذه التسجيلة!
رقم الطلب: (P)DT62 .M7 I37
| LEADER | 00346nam a2200121Ia 4500 | ||
|---|---|---|---|
| 008 | 240503s9999||||xx |||||||||||||| ||und|| | ||
| 050 | 4 | |a (P)DT62 .M7 I37 | |
| 100 | 1 | |a Salima Ikram | |
| 245 | 1 | 0 | |a ZOOFOR ETERNITY Animal Mummies from the Cairo Museum |
| 264 | 1 | |a Cairo |b Supreme Council of Antiquities Press | |
| 300 | |a 31 |c 23 | ||
| 942 | |2 lcc |c PT | ||
| 999 | |c 58262 |d 58262 | ||
